International resource book for libraries serving disadvantaged persons
Wedi'i Gadw mewn:
| Prif Awdur: | |
|---|---|
| Fformat: | Llyfr |
| Iaith: | Undetermined |
| Cyhoeddwyd: |
Munchen, Germany
K. G. Saur
2001
|
| Pynciau: | |
| Tagiau: |
Ychwanegu Tag
Dim Tagiau, Byddwch y cyntaf i dagio'r cofnod hwn!
|
| Thư viện lưu trữ: | Trung tâm Học liệu Trường Đại học Cần Thơ |
|---|
| LEADER | 00588nam a2200181Ia 4500 | ||
|---|---|---|---|
| 001 | CTU_103046 | ||
| 008 | 210402s9999 xx 000 0 und d | ||
| 082 | |a 025 | ||
| 082 | |b L814/No.96 | ||
| 100 | |a Locke, Joanne | ||
| 245 | 0 | |a International resource book for libraries serving disadvantaged persons | |
| 245 | 0 | |c Joanne Locke, Nancy M. Panella | |
| 260 | |a Munchen, Germany | ||
| 260 | |b K. G. Saur | ||
| 260 | |c 2001 | ||
| 650 | |a Library science | ||
| 904 | |i Minh (sửa số pl 025/I61/No.96 thành 025/L814/No.96) | ||
| 980 | |a Trung tâm Học liệu Trường Đại học Cần Thơ | ||